Получение нановолокон оксогидроксидов алюминия из порошков металлического алюминия; Перспективные материалы; № 4
| Parent link: | Перспективные материалы.— , 1995- № 4.— 2008.— [С. 74-80] |
|---|---|
| Beste egile batzuk: | , , , , , |
| Gaia: | Заглавие с экрана Показана определяющая роль дефектной поверхностной оксогидроксидной пленки, размеров реагирующих частиц Al и агрегатного состояния воды в процессе формирования волокнистой структуры оксогидроксида алюминия, получаемого окислением металлических порошков. Режим доступа: по договору с организацией-держателем ресурса |
| Hizkuntza: | errusiera |
| Argitaratua: |
2008
|
| Gaiak: | |
| Sarrera elektronikoa: | http://elibrary.ru/item.asp?id=11789017 |
| Formatua: | Baliabide elektronikoa Liburu kapitulua |
| KOHA link: | https://koha.lib.tpu.ru/cgi-bin/koha/opac-detail.pl?biblionumber=638350 |
MARC
| LEADER | 00000naa0a2200000 4500 | ||
|---|---|---|---|
| 001 | 638350 | ||
| 005 | 20250131112626.0 | ||
| 035 | |a (RuTPU)RU\TPU\network\2659 | ||
| 090 | |a 638350 | ||
| 100 | |a 20150114d2008 k||y0rusy50 ca | ||
| 101 | 0 | |a rus | |
| 102 | |a RU | ||
| 135 | |a drcn ---uucaa | ||
| 181 | 0 | |a i | |
| 182 | 0 | |a b | |
| 200 | 1 | |a Получение нановолокон оксогидроксидов алюминия из порошков металлического алюминия |f Н. А. Яворовский [и др.] | |
| 203 | |a Текст |c электронный | ||
| 300 | |a Заглавие с экрана | ||
| 320 | |a [Библиогр.: с. 80 (24 назв.)] | ||
| 330 | |a Показана определяющая роль дефектной поверхностной оксогидроксидной пленки, размеров реагирующих частиц Al и агрегатного состояния воды в процессе формирования волокнистой структуры оксогидроксида алюминия, получаемого окислением металлических порошков. | ||
| 333 | |a Режим доступа: по договору с организацией-держателем ресурса | ||
| 337 | |a Adobe Reader | ||
| 461 | |t Перспективные материалы |d 1995- | ||
| 463 | |t № 4 |v [С. 74-80] |d 2008 | ||
| 610 | 1 | |a электронный ресурс | |
| 610 | 1 | |a труды учёных ТПУ | |
| 701 | 1 | |a Яворовский |b Н. А. |c физик |c заведующий лабораторией Томского политехнического университета, кандидат технических наук |f 1941- |g Николай Александрович |3 (RuTPU)RU\TPU\pers\25600 | |
| 701 | 1 | |a Савельев |b Г. Г. |c химик |c профессор Томского политехнического университета |f 1938-2010 |g Геннадий Гаврилович |3 (RuTPU)RU\TPU\pers\19860 | |
| 701 | 1 | |a Галанов |b А. И. |c химик |c доцент Томского политехнического университета, кандидат химических наук |f 1970- |g Андрей Иванович |3 (RuTPU)RU\TPU\pers\25608 | |
| 701 | 1 | |a Юрмазова |b Т. А. |c химик |c доцент Томского политехнического университета, кандидат химических наук |f 1950- |g Татьяна Александровна |3 (RuTPU)RU\TPU\pers\25658 | |
| 701 | 1 | |a Шиян |b Л. Н. |c химик |c доцент Томского политехнического университета, кандидат физико-математических наук |f 1952- |g Людмила Николаевна |3 (RuTPU)RU\TPU\pers\25655 | |
| 701 | 1 | |a Лобанова |b Г. Л. |c химик |c ведущий профконсультант Томского политехнического университета, кандидат химических наук |f 1942- |g Галина Леонидовна |3 (RuTPU)RU\TPU\pers\25617 | |
| 801 | 2 | |a RU |b 63413507 |c 20150114 |g RCR | |
| 856 | 4 | |u http://elibrary.ru/item.asp?id=11789017 | |
| 942 | |c CF | ||